Ради жизни на Земле: фотоальбом

Бібліографічні деталі
Інші автори: Фомин А. (составитель), Дажин Д. (автор предисловия)
Мова:Російська
Опубліковано: Москва, Планета, 1970
Предмети:
Формат: Книга
KOHA link:https://koha.lib.tpu.ru/cgi-bin/koha/opac-detail.pl?biblionumber=178769

MARC

LEADER 00000nam0a2200000 4500
001 178769
005 20231031170032.0
035 |a (RuTPU)RU\TPU\book\193783 
090 |a 178769 
100 |a 20100409d1970 m y0rusy50 ca 
101 0 |a rus 
102 |a RU 
105 |a a z 000zy 
200 1 |a Ради жизни на Земле  |e фотоальбом  |f сост. А. Фомин ; авт. предисл. Д. Дажин 
210 |a Москва  |c Планета  |d 1970 
215 |a 255 с.  |c ил. 
610 1 |a история 
610 1 |a СССР 
610 1 |a Великая Отечественная война 1941-1945 
610 1 |a военные операции 
610 1 |a фотоальбомы 
675 |a 9(С)27  |v 3 
702 1 |a Фомин  |b А.  |4 220 
702 1 |a Дажин  |b Д.  |4 080 
801 1 |a RU  |b 63413507  |c 20100409 
801 2 |a RU  |b 63413507  |c 20110204  |g RCR 
942 |c BK